000 00758nam a2200229Ia 4500
003 CO-CtgCURN
005 20250407232044.0
008 190723s9999 xx 000 0 und d
020 _a9502007786
040 _aCO-CtgCURN
_bspa
_ccoctgcurn
082 _a346.055
_bF385c
100 _aFerrer, Francisco A. M.
245 0 _aEscritos políticos /
_cFrancisco A.M. Ferrer
260 _aBuenos Aires, Argentina :
_bAbeledo-Perrot,
_c1994
300 _a143 páginas ;
_c17 centímetros
521 _aAREA PROFESIONAL
590 _aPrograma de Derecho_18
650 _aDerecho privado
650 _aInterpretacion testamentaria
942 _cBK
_h346.055
_iF385c
_2ddc
_n0
999 _c29309
_d29309